Acta philosophica : (Registro nro. 22081)

Detalles MARC
000 -Cabecera
Campo de control interno 00763nam a2200265Ia 4500
005 - Fecha y hora del registro
control field 20260320113340.0
008 - Elementos de Longitud Fija
fixed length control field 260320s9999||||xx |||||||||||||| ||und||
022 ## - ISSN
ISSN 11212179
041 ## - Idioma
Codigo Idioma Italiano
082 ## - DEWEY y NOTACIÓN INTERNA
Dewey HR 100 V. 34 F. 2 2025
Notación Interna AP
100 ## - AUTOR
Autor denominación
Término de relación
110 ## - AUTOR INSTTITUCIONAL
Autor Institucional Pontificia Universita Della Santa Croce
245 #0 - TÍTULO DE MATERIAL BIBLIOGRÁFICO
Título Acta philosophica :
Título paralelo rivista internazionale di filosofia
246 ## - TÍTULO TRADUCIDO
Título
Título paralelo
Autor
260 ## - CIUDAD, EDITORIAL, AÑO
Ciudad Pisa :
Nombre de la Editorial Fabrizio Serra Editore,
Año 2025
300 ## - DESCRIPCIÓN
N° Páginas páginas 228-428 :
Otros detalles
Dimensiones 24 cm.
Material Adicional
440 ## - MENCIÓN DE SERIE
Título de la Serie
Número de Serie
Volumen de Serie
650 ## - TEMAS
Temas Filosofía
653 ## - DESCRIPTORES
Lenguajes no controlado Filosofía - Revista
654 ## - PROGRAMAS
Programa Dpto. de Humanidades
700 ## - OTROS AUTORES
Otros autores
Títulos y otras palabras asociadas con el nombre
856 ## - URL - UBICACIÓN
URI/URL: Enlace exacto del recurso <a href="https://dialnet.unirioja.es/revista/10300/V/34?anualidad=2025">https://dialnet.unirioja.es/revista/10300/V/34?anualidad=2025</a>
Nota pública: Versión digital <a href="Versión digital">Versión digital</a>
942 ## - ELEMENTOS DE KOHA
Tipo de documento Revista
Nombre del creador Justo Noguera
Código de catalogador Margarita Torres
Esquema de clasificación Dewey Decimal Classification
Suppress in OPAC
Existencias
Codigo completo Registro Colección Copia número Disponibilidad Tipo de préstamo Biblioteca Actual Procedencia (Biblioteca) Ubicacón Fecha Ingreso Tipo de Adquisición Observación Date last seen Total checkouts Price effective from Tipo de Item Estado del Material Fuente de Clasificación Damaged status Withdrawn status
HR 100 V. 34 F. 2 2025 AP 1087497 Universidad Católica San Pablo 1 Disponible Disponible Víctor Andrés Belaunde Víctor Andrés Belaunde Planta baja abierta 10/03/2026 Donación Rectorado UCSP 20/03/2026   20/03/2026 Revista Bueno Dewey Decimal Classification